000 00441nam a2200169Ia 4500
001 22862
005 20260414150859.0
008 260414t2013||||xx |||||||||||||| ||spa||
041 _aESP
082 _a624.15136
_bJ81 T. 2
100 _aJuárez Badillo, Eulalio
_eAUT
245 0 _aMecánica de suelos :
_bteoría y aplicaciones de la mecánica de suelos
260 _c2013
650 _a0
654 _aCIC
942 _cLIB
_dJUS
_fJUS
_2ddc
_n
999 _c22862
_d22862